Diseño eléctrico en baja tensión de bodega para materiales de construcción con supervisión y seguimiento del proyecto en Excel.
Presenta un diseño eléctrico, la construcción del sistema de potencia de una bodega para materiales de construcción basándose en el national electrical code y en el seguimiento y ejecución mediante plantillas y tablas dinámicas para ir controlando el tiempo en un cronograma de tareas utilizan...
| Main Authors: | , |
|---|---|
| Other Authors: | |
| Format: | Tesis Section = Libro |
| Language: | Undetermined Spanish |
| Published: |
Managua
UNI
2017
|
| Subjects: |
| LEADER | 01250nam a2200277Ia 4500 | ||
|---|---|---|---|
| 008 | 240830s9999 xx 000 0 und d | ||
| 040 | |a BIBLIOTECA-RUSB/ Mon 621.31 L579 | ||
| 041 | |a spa | ||
| 082 | |a Mon 621.31 L579 | ||
| 100 | 1 | |a León Pineda, Jonathan Gabriel | |
| 100 | 1 | |b Plata Aragón, Mauro Rodny | |
| 245 | 1 | 0 | |a Diseño eléctrico en baja tensión de bodega para materiales de construcción con supervisión y seguimiento del proyecto en Excel. |
| 260 | |a Managua |b UNI |c 2017 | ||
| 300 | |a 70 p. :il. | ||
| 500 | |a Contiene: anexos. | ||
| 502 | |a Tesis (Ingeniero Eléctrico) - UNI, 2017. | ||
| 520 | 3 | |a Presenta un diseño eléctrico, la construcción del sistema de potencia de una bodega para materiales de construcción basándose en el national electrical code y en el seguimiento y ejecución mediante plantillas y tablas dinámicas para ir controlando el tiempo en un cronograma de tareas utilizando la herramienta Excel. | |
| 650 | 7 | |a DISEÑO ELECTRICO | |
| 650 | 7 | |b CARGAS ELECTRICAS | |
| 650 | 7 | |c CONDUCTORES ELECTRICOS | |
| 650 | 7 | |d ILUMINACION ELECTRICA | |
| 650 | 7 | |e INSTALACIONES ELECTRICAS | |
| 700 | 1 | |a Tutor: |b Palacios Rodríguez, Augusto César | |
| 942 | |c BK |2 ddc | ||
| 991 | |a TESIS | ||
| 999 | |c 20095 | ||